Statistiques concernant Culture Générale - Série 2346

Cliquez ici pour prendre le quiz!

Statistiques générales

  • Ce quiz a été pris 61 fois
  • Le résultat moyen est 5 sur 10

Statistiques - réponses

QuestionRéponse% Correct
De quel pays Oulan-Bator est-elle la capitale ?Mongolie
95%
A quelle chaîne de montagnes appartient le pic du Canigou ?Pyrénées
83%
Dans quel pays se trouve la ville balnéaire de Charm el-Cheikh ?Egypte
73%
Dans quelle ville française se trouve le temple romain hexastyle édifié au début du 1er siècle appelé "la maison carrée" ? voir photoNîmes
57%
Dans quel département de France se trouve la ville de Lunel ?Hérault
43%
Au Moyen Âge, comment appelait-on un cheval de bataille ?destrier
43%
Dans quel département de France se trouve la commune de Leucate ?Aude
38%
Quel était le véritable prénom de Tino Rossi ?Constantin
13%
Quel fleuve côtier traverse Béziers ?Orb
13%
Au Moyen Âge, comment appelait-on un cheval de promenade, de parade, de cérémonie ?palefroi
12%

Distribution des résultats

Percentile par nombre de réponses

% des personnes avec chaque résultat

Votre développement - résultats

Vous n’avez pas pris ce quiz